Maman Léo (Record no. 54129)
[ view plain ]
| 000 -LEADER | |
|---|---|
| campo de control de longitud fija | 00555nam a22001815i 4500 |
| 001 - NÚMERO DE CONTROL | |
| campo de control | 54129 |
| 003 - IDENTIFICADOR DE NÚMERO DE CONTROL | |
| campo de control | ES-MaACL |
| 005 - FECHA Y HORA DE LA ÚLTIMA TRANSACCIÓN | |
| campo de control | 20240518063026.0 |
| 007 - CAMPO FIJO DE DESCRIPCIÓN FÍSICA--INFORMACIÓN GENERAL | |
| campo de control de longitud fija | t| |
| 008 - DATOS DE LONGITUD FIJA--INFORMACIÓN GENERAL | |
| campo de control de longitud fija | 960712s1870 fr ||||1| fre d |
| 040 ## - FUENTE DE CATALOGACIÓN | |
| Centro catalogador/agencia de origen | CAM |
| Lengua de catalogación | spa |
| Centro/agencia transcriptor | CAM |
| 100 0# - ENTRADA PRINCIPAL--NOMBRE DE PERSONA | |
| Nombre de persona | Féval, Paul, |
| Fechas asociadas al nombre | 1816-1887 |
| 9 (RLIN) | 50646 |
| 245 10 - MENCIÓN DEL TÍTULO | |
| Título | Maman Léo |
| Resto del título | : suite de l'Arme invisible / |
| Mención de responsabilidad, etc. | par Paul Féval. |
| 260 ## - PUBLICACIÓN, DISTRIBUCIÓN, ETC. | |
| Lugar de publicación, distribución, etc. | Paris : |
| Nombre del editor, distribuidor, etc. | E. Dentu, éditeur, |
| Fecha de publicación, distribución, etc. | 1870 ( |
| Lugar de fabricación/manufactura | St. Amand : |
| Fabricante | Imp. de Destenay) |
| 300 ## - DESCRIPCIÓN FÍSICA | |
| Extensión | [4], 400 p. ; |
| Dimensiones | 18 cm. |
| 852 ## - LOCALIZACIÓN | |
| Ubicación | ES-MaACL |
| Número de control de estantería | C-2705 |
| Estatus retirado | Estado de pérdida | Estado de daño | No para préstamo | Colección | Biblioteca de origen | Biblioteca actual | Ubicación en estantería | Fecha de adquisición | Fuente de adquisición | Total de préstamos | Signatura topográfica completa | Código de barras | Visto por última vez | Precio de reemplazo | Tipo de ítem Koha |
|---|---|---|---|---|---|---|---|---|---|---|---|---|---|---|---|
| Libros del s. XIX | Biblioteca del Ateneo de Madrid | Biblioteca del Ateneo de Madrid | Sala Palomar | 17/01/2008 | C-2705 | 1056886 | 23/02/2023 | 23/02/2023 | Libro impreso antiguo |
